Normal view
MARC view
Entry Topical Term
001 - CONTROL NUMBER
- control field: 4109
003 - CONTROL NUMBER IDENTIFIER
- control field: BD-RjUL
005 - DATE AND TIME OF LATEST TRANSACTION
- control field: 20220725103320.0
008 - FIXED-LENGTH DATA ELEMENTS
- fixed length control field: 220725|| aca||aabn | a|a d
040 ## - CATALOGING SOURCE
- Original cataloging agency: BD-RjUL
- Transcribing agency: BD-RjUL
150 ## - HEADING--TOPICAL TERM
- Topical term or geographic name entry element: Arabic language
- Form subdivision: Conversation and phrase books
670 ## - SOURCE DATA FOUND
- Source citation: Work cat.: (BD-RjUL)80113: Elias, Elias A. (Elias Antoon) 457, An Egyptian-Arabic manual for self-study, with which is amalgamated Elias Easy method for learning English /, 195?